[Event "Prva liga Centalne Srbije 2009"]
[Site "Vrnjacka Banja"]
[Date "2009.09.21"]
[Round "4.6"]
[White "Stankovic, Milos"]
[Black "Manic, Jovica"]
[Result "1-0"]
[WhiteElo "2357"]
[BlackElo "2257"]
[PlyCount "73"]
[EventDate "2009.09.19"]

1. e4 g6 2. d4 c6 3. Nd2 Bg7 4. Ngf3 d5 5. h3 Nh6 6. e5 O-O 7. Be2 c5 8. c3 Nc6
9. O-O b6 10. dxc5 Nxe5 11. Nxe5 Bxe5 12. cxb6 axb6 13. Nf3 Bg7 14. Qb3 e6 15.
Be3 Rb8 16. Rfd1 Nf5 17. Bf4 Ra8 18. Bd3 Ba6 19. Bxf5 gxf5 20. Ne5 Bb7 21. Qb4
f6 22. Nc4 b5 23. Nd6 Bc6 24. Nxb5 e5 25. Be3 Qd7 26. a4 f4 27. Bc5 Rfb8 28.
Bd6 Rb7 29. Qc5 Ra6 30. b4 h5 31. c4 dxc4 32. Bxe5 Qf5 33. Qxc4+ Kh7 34. Nd4
Qe4 35. f3 Qe3+ 36. Kh1 fxe5 37. Qxa6 1-0

[Event "Prva liga Centalne Srbije 2009"]
[Site "Vrnjacka Banja"]
[Date "2009.09.21"]
[Round "4.6"]
[White "Nikolic, Boban"]
[Black "Milenkovic, Mladen"]
[Result "0-1"]
[WhiteElo "2236"]
[BlackElo "2341"]
[PlyCount "110"]
[EventDate "2009.09.19"]

1. d4 Nf6 2. Nf3 c5 3. e3 e6 4. c4 cxd4 5. exd4 b6 6. Nc3 Bb7 7. Bd3 Be7 8. O-O
d6 9. b3 Nbd7 10. Bb2 O-O 11. Qe2 Re8 12. Ng5 h6 13. Nge4 d5 14. Ng3 Rc8 15.
Rac1 Bb4 16. Nb1 Bd6 17. f4 Bf8 18. Nd2 g6 19. Nf3 Bg7 20. Ne5 dxc4 21. bxc4 h5
22. Ne4 Nxe4 23. Bxe4 Qc7 24. Qf3 Bxe4 25. Qxe4 Red8 26. d5 Nf6 27. Qf3 Qc5+
28. Kh1 exd5 29. cxd5 Qxd5 30. Nc6 Qxf3 31. gxf3 Rd2 32. Ne7+ Kh7 33. Rxc8 Rxb2
34. a4 Rb4 35. f5 g5 36. Rc7 Rxa4 37. Rg1 g4 38. fxg4 Nxg4 39. h3 Ra2 40. hxg4
Be5 41. Rgc1 Bxc7 42. Rxc7 hxg4 43. Nc6 Kg7 44. Nd8 Rf2 45. Nxf7 Kf6 46. Nh6 g3
47. Rxa7 Rh2+ 48. Kg1 Rxh6 49. Kg2 Kxf5 50. Kxg3 Ke4 51. Rd7 Rf6 52. Kg4 Rg6+
53. Kh5 Rg1 54. Rb7 Rb1 55. Kg5 b5 0-1

[Event "Prva liga Centalne Srbije 2009"]
[Site "Vrnjacka Banja"]
[Date "2009.09.21"]
[Round "4.6"]
[White "Misailovic, Nebojsa"]
[Black "Todorovic, Bojan"]
[Result "0-1"]
[WhiteElo "2291"]
[BlackElo "2308"]
[PlyCount "90"]
[EventDate "2009.09.19"]

1. e4 e5 2. Nf3 Nc6 3. Bb5 Nf6 4. O-O Nxe4 5. d4 Nd6 6. Bxc6 dxc6 7. dxe5 Nf5
8. Qxd8+ Kxd8 9. Nc3 h6 10. b3 Be7 11. Bb2 Be6 12. Ne2 a5 13. Nfd4 Nxd4 14.
Nxd4 a4 15. f4 g6 16. h3 h5 17. Kf2 Bc5 18. Ke2 Bxd4 19. Bxd4 b6 20. Rfd1 Kc8
21. Bf2 Kb7 22. Bh4 c5 23. Bf6 Rhe8 24. Kf3 axb3 25. axb3 Bf5 26. Rac1 Ra2 27.
Rd2 Rea8 28. g4 hxg4+ 29. hxg4 Be6 30. Rdd1 R8a3 31. Re1 c4 32. Re3 cxb3 33.
cxb3 Bxb3 34. Kg3 Be6 35. Rxa3 Rxa3+ 36. Kh4 Rf3 37. Bg5 c5 38. Bh6 c4 39. Rg1
b5 40. Kg5 b4 41. Kf6 b3 42. f5 c3 43. Ke7 gxf5 44. g5 b2 45. g6 fxg6 0-1

[Event "Prva liga Centalne Srbije 2009"]
[Site "Vrnjacka Banja"]
[Date "2009.09.22"]
[Round "5.1"]
[White "Petkov, Vladimir"]
[Black "Kojovic, Dragan"]
[Result "1/2-1/2"]
[WhiteElo "2456"]
[BlackElo "2389"]
[PlyCount "160"]
[EventDate "2009.09.19"]

1. Nf3 Nf6 2. c4 g6 3. Nc3 Bg7 4. e4 d6 5. d4 O-O 6. h3 c5 7. d5 e6 8. Bd3 Na6
9. O-O e5 10. a3 Bd7 11. Rb1 h6 12. Bc2 Ne8 13. Ba4 f5 14. Bxd7 Qxd7 15. Nh4
Qf7 16. exf5 gxf5 17. f4 e4 18. g4 Bd4+ 19. Kg2 Ng7 20. Ne2 Bf6 21. g5 Be7 22.
Ng3 b5 23. b3 Rab8 24. Bb2 hxg5 25. fxg5 Bxg5 26. Nhxf5 Nxf5 27. Rxf5 Qg6 28.
Qg4 Rxf5 29. Nxf5 Kh7 30. Nxd6 bxc4 31. Rf1 Be7 32. Rf7+ Qxf7 33. Nxf7 Rg8 34.
d6 Bh4 35. d7 cxb3 36. Qxg8+ Kxg8 37. d8=Q+ Bxd8 38. Nxd8 c4 39. Nb7 Nc7 40.
Nd6 c3 41. Bxc3 Nd5 42. Nxe4 Ne3+ 43. Kg3 Nc4 44. Nc5 b2 45. Bxb2 Nxb2 46. Kf4
Kf7 47. Ke4 Nc4 48. a4 a5 49. Kf5 Kg7 50. Kg5 Kh7 51. h4 Ne5 52. Ne4 Nf3+ 53.
Kg4 Ne5+ 54. Kf4 Nd3+ 55. Kg5 Ne5 56. h5 Nf3+ 57. Kf4 Nd4 58. Kg4 Kg7 59. Kg5
Nf3+ 60. Kf4 Nd4 61. Ke5 Ne2 62. Kd6 Nc1 63. Kc5 Kh6 64. Ng3 Kg5 65. Kc4 Kh6
66. Kc3 Na2+ 67. Kb3 Nc1+ 68. Kc2 Na2 69. Kb2 Nb4 70. Kb3 Nd3 71. Kc4 Nc1 72.
Nf5+ Kxh5 73. Ne7 Kg5 74. Nc6 Kf6 75. Nxa5 Ke6 76. Nc6 Kd6 77. Nd4 Kc7 78. a5
Kb7 79. Kb5 Nd3 80. Nc6 Nf4 1/2-1/2

[Event "Prva liga Centalne Srbije 2009"]
[Site "Vrnjacka Banja"]
[Date "2009.09.22"]
[Round "5.1"]
[White "Solomunovic, Igor"]
[Black "Paunovic, Tomislav"]
[Result "1/2-1/2"]
[WhiteElo "2422"]
[BlackElo "2355"]
[PlyCount "21"]
[EventDate "2009.09.19"]

1. e4 g6 2. d4 Bg7 3. Nf3 c6 4. Nc3 d5 5. h3 Nh6 6. Bf4 f6 7. Qd2 Nf7 8. exd5
cxd5 9. Nb5 e5 10. dxe5 fxe5 11. Be3 1/2-1/2

[Event "Prva liga Centalne Srbije 2009"]
[Site "Vrnjacka Banja"]
[Date "2009.09.22"]
[Round "5.1"]
[White "Todorovic, Bojan"]
[Black "Rabrenovic, Vladan"]
[Result "0-1"]
[WhiteElo "2308"]
[BlackElo "2380"]
[PlyCount "62"]
[EventDate "2009.09.19"]

1. e4 d6 2. d4 Nf6 3. Nc3 e5 4. Nf3 Nbd7 5. Bc4 Be7 6. O-O O-O 7. Re1 c6 8. a4
a5 9. h3 Nb6 10. Bb3 Nfd7 11. Be3 exd4 12. Bxd4 Nc5 13. Bxc5 dxc5 14. Nd2 Qd4
15. Qe2 Qf6 16. Nc4 Nxc4 17. Bxc4 Qg6 18. Qf3 Be6 19. Bxe6 Qxe6 20. Ne2 Rfd8
21. Ng3 Rd2 22. Qc3 Rad8 23. Nf5 Bf6 24. Qxc5 g6 25. Ne3 Bh4 26. Rf1 Qxe4 27.
c3 Rxb2 28. Nc4 b6 29. Nxb6 Rdd2 30. Qc4 Qe7 31. Nc8 Qf6 0-1

[Event "Prva liga Centalne Srbije 2009"]
[Site "Vrnjacka Banja"]
[Date "2009.09.22"]
[Round "5.1"]
[White "Irizanin, Radoje"]
[Black "Markovic, Dejan M"]
[Result "1/2-1/2"]
[WhiteElo "2303"]
[BlackElo "2403"]
[PlyCount "91"]
[EventDate "2009.09.19"]

1. d4 d5 2. Nf3 Nf6 3. e3 Bg4 4. c4 Bxf3 5. Qxf3 c6 6. Bd3 e6 7. O-O Be7 8. b3
O-O 9. Bb2 Re8 10. a3 Nbd7 11. Nd2 Nf8 12. Rfe1 Rb8 13. e4 dxe4 14. Nxe4 Nxe4
15. Rxe4 Bf6 16. Bc2 c5 17. Rd1 Qc7 18. Bc3 Red8 19. dxc5 Bxc3 20. Qxc3 Rxd1+
21. Bxd1 Rd8 22. Bf3 Qxc5 23. b4 Qd6 24. c5 Qd7 25. g3 Ng6 26. Re1 Ne7 27. Rd1
Nd5 28. Qb3 b6 29. Qc4 Qc6 30. h4 h6 31. h5 Kf8 32. Qa6 Qc7 33. Rc1 Rb8 34. Qd3
Rd8 35. c6 Ke7 36. Qe2 Nf6 37. b5 Ne8 38. a4 Rd4 39. Rd1 Qd6 40. Kg2 Nc7 41.
Rxd4 Qxd4 42. Qd1 Qxd1 43. Bxd1 a5 44. f4 f6 45. Kf3 Kd6 46. Ke4 1/2-1/2

[Event "Prva liga Centalne Srbije 2009"]
[Site "Vrnjacka Banja"]
[Date "2009.09.22"]
[Round "5.1"]
[White "Pejcic, Milutin"]
[Black "Mirkovic, Stevan"]
[Result "1-0"]
[WhiteElo "2162"]
[BlackElo "2245"]
[PlyCount "43"]
[EventDate "2009.09.19"]

1. Nf3 Nf6 2. g3 b6 3. Bg2 Bb7 4. c4 c5 5. O-O e6 6. Nc3 a6 7. d4 cxd4 8. Nxd4
Bxg2 9. Kxg2 Qc7 10. Qd3 Nc6 11. b3 Rc8 12. Bb2 Ne5 13. Qd1 h5 14. Nf3 h4 15.
Nd5 Qb7 16. Bxe5 Ng4 17. Qd4 f5 18. Qxb6 Qc6 19. Qxc6 Rxc6 20. Ne3 d6 21. Bb2
hxg3 22. hxg3 1-0

[Event "Prva liga Centalne Srbije 2009"]
[Site "Vrnjacka Banja"]
[Date "2009.09.22"]
[Round "5.2"]
[White "Savicevic, Vlatko"]
[Black "Boskovic, Drasko"]
[Result "1-0"]
[WhiteElo "2331"]
[BlackElo "2436"]
[PlyCount "103"]
[EventDate "2009.09.19"]

1. e4 c5 2. Nf3 Nc6 3. d4 cxd4 4. Nxd4 Qc7 5. Nc3 e6 6. g3 a6 7. Bg2 Nf6 8. O-O
h6 9. Nb3 Be7 10. f4 d6 11. a4 O-O 12. Be3 b6 13. g4 Nh7 14. Qe2 Rb8 15. Qc4
Qd7 16. Rad1 Na5 17. Qe2 Qc7 18. Nd4 Nc4 19. Bc1 Bd7 20. b3 Na5 21. Rd3 Nc6 22.
Nxc6 Bxc6 23. Rh3 d5 24. exd5 exd5 25. Kh1 Rbd8 26. g5 Rfe8 27. Qd3 Bf8 28.
Nxd5 Qb7 29. c4 g6 30. gxh6 b5 31. f5 bxc4 32. bxc4 g5 33. f6 Re5 34. Re3 Rde8
35. Rxe5 Rxe5 36. Be4 Kh8 37. Bxh7 Rxd5 38. cxd5 Bxd5+ 39. Kg1 Bc5+ 40. Be3
Bxe3+ 41. Qxe3 Kxh7 42. Re1 Qb4 43. Qd3+ Kxh6 44. Qe3 Qg4+ 45. Qg3 Qd4+ 46. Qe3
Qg4+ 47. Qg3 Qd4+ 48. Qf2 Qxa4 49. h3 a5 50. Kh2 Qc6 51. Re5 Qc7 52. Qf5 1-0

[Event "Prva liga Centalne Srbije 2009"]
[Site "Vrnjacka Banja"]
[Date "2009.09.22"]
[Round "5.2"]
[White "Pancevski, Filip"]
[Black "Simic, Dragisa"]
[Result "1/2-1/2"]
[WhiteElo "2432"]
[BlackElo "2348"]
[PlyCount "112"]
[EventDate "2009.09.19"]

1. e4 c5 2. Nf3 d6 3. d3 g6 4. g3 Bg7 5. Bg2 Nc6 6. O-O Nf6 7. Re1 e5 8. c3 O-O
9. a4 h6 10. Na3 d5 11. exd5 Nxd5 12. Nc4 Re8 13. a5 Rb8 14. Qa4 Nc7 15. Be3
Na6 16. Nfd2 Bd7 17. Qa3 Be6 18. Rad1 Bd5 19. Bf1 Nd4 20. cxd4 cxd4 21. Bxd4
exd4 22. Qd6 Rxe1 23. Rxe1 Qxd6 24. Nxd6 Bf8 25. N6c4 Nb4 26. Rd1 Kg7 27. Nb3
Bf3 28. Rd2 Nc6 29. Bg2 Bxg2 30. Kxg2 Rc8 31. Kf1 Kf6 32. Rd1 Bb4 33. Ra1 Ke6
34. a6 b5 35. Na3 Rb8 36. Nc2 Kd5 37. Nbxd4 Nxd4 38. Nxb4+ Kc5 39. Nc2 Nxc2 40.
Rc1 Rb6 41. Rxc2+ Kd6 42. Ke2 Rxa6 43. Ke3 Ra4 44. f4 a5 45. Kd2 Ra1 46. Kc3 h5
47. Kd4 Ra4+ 48. Kc3 Ra1 49. Re2 f6 50. f5 gxf5 51. Rf2 Rc1+ 52. Kb3 Ke5 53.
Rf4 Rc8 54. Rh4 Rh8 55. Kc3 Rc8+ 56. Kb3 Rh8 1/2-1/2

[Event "Prva liga Centalne Srbije 2009"]
[Site "Vrnjacka Banja"]
[Date "2009.09.22"]
[Round "5.2"]
[White "Adzic, Momcilo"]
[Black "Stankovic, Milos"]
[Result "1-0"]
[WhiteElo "2258"]
[BlackElo "2357"]
[PlyCount "83"]
[EventDate "2009.09.19"]

1. e4 c5 2. Nc3 d6 3. g3 Nc6 4. Bg2 g6 5. f4 Bg7 6. Nf3 e6 7. O-O Nge7 8. Kh1
O-O 9. d3 Rb8 10. Ne2 Nd4 11. Nexd4 cxd4 12. Bd2 b6 13. c4 b5 14. cxb5 Rxb5 15.
b4 Bd7 16. a4 Rb8 17. b5 a6 18. bxa6 Qb6 19. Qc1 Qxa6 20. Qa3 Rb6 21. a5 Rc6
22. Rfc1 Rxc1+ 23. Rxc1 Rc8 24. Rxc8+ Nxc8 25. Bf1 Bc6 26. Kg2 f5 27. exf5 gxf5
28. Qb3 Bd5 29. Qb8 Qc6 30. Be2 e5 31. Kg1 e4 32. Ne1 e3 33. Bb4 Bf6 34. Bxd6
Qxd6 35. Qxc8+ Kf7 36. a6 Qb4 37. Kf1 Qa4 38. h4 Bc6 39. a7 Bd5 40. Qc7+ Kg6
41. h5+ Kh6 42. Qd6 1-0

[Event "Prva liga Centalne Srbije 2009"]
[Site "Vrnjacka Banja"]
[Date "2009.09.22"]
[Round "5.2"]
[White "Milenkovic, Mladen"]
[Black "Rajevic, Gavrilo"]
[Result "1-0"]
[WhiteElo "2341"]
[BlackElo "2275"]
[PlyCount "87"]
[EventDate "2009.09.19"]

1. e4 c5 2. Nf3 d6 3. d4 cxd4 4. Nxd4 Nf6 5. Nc3 a6 6. Bc4 e6 7. Bb3 b5 8. f3
Be7 9. Be3 O-O 10. Qd2 Bb7 11. g4 Nc6 12. O-O-O Nd7 13. h4 Nc5 14. g5 b4 15.
Na4 Nxd4 16. Bxd4 Bc6 17. Nxc5 dxc5 18. Be5 Qa5 19. Qf4 c4 20. Bxc4 Qc5 21. b3
Bb5 22. Bd4 Qd6 23. Qxd6 Bxd6 24. Be3 Bxc4 25. bxc4 Be5 26. f4 Bc3 27. Rd7 f6
28. Rhd1 fxg5 29. hxg5 Rf7 30. Rxf7 Kxf7 31. Rd7+ Ke8 32. Rb7 Rd8 33. c5 h6 34.
gxh6 gxh6 35. Rh7 Bd4 36. Bxd4 Rxd4 37. c6 Rc4 38. c7 h5 39. Kd2 h4 40. f5 exf5
41. exf5 h3 42. Rxh3 Kd7 43. Rh7+ Kc8 44. f6 1-0

[Event "Prva liga Centalne Srbije 2009"]
[Site "Vrnjacka Banja"]
[Date "2009.09.22"]
[Round "5.2"]
[White "Jakovljevic, Marko"]
[Black "Marinkovic, Zoran"]
[Result "0-1"]
[WhiteElo "2002"]
[BlackElo "2259"]
[PlyCount "82"]
[EventDate "2009.09.19"]

1. e4 c5 2. Nf3 Nc6 3. d4 cxd4 4. Nxd4 g6 5. Nc3 Bg7 6. Be3 Nf6 7. f3 O-O 8.
Qd2 d5 9. exd5 Nxd5 10. Nxc6 bxc6 11. Bd4 Bxd4 12. Qxd4 Qa5 13. Bd3 Rb8 14. O-O
Nxc3 15. Qxc3 Qxc3 16. bxc3 Be6 17. a3 Rb2 18. Rfe1 c5 19. Re5 Rc8 20. g3 Kf8
21. f4 Rc6 22. c4 f6 23. Re3 Bh3 24. Rae1 Rc7 25. Be4 Rd7 26. Rb3 Rxb3 27. cxb3
a5 28. Bd5 e6 29. Be4 Bg4 30. Bc6 Rd3 31. Ba4 Ke7 32. Rb1 e5 33. fxe5 fxe5 34.
Bc6 Kd6 35. Bb5 e4 36. Re1 Ke5 37. b4 cxb4 38. axb4 axb4 39. c5 Rd1 40. Kf2 b3
41. c6 Rxe1 0-1

[Event "Prva liga Centalne Srbije 2009"]
[Site "Vrnjacka Banja"]
[Date "2009.09.22"]
[Round "5.2"]
[White "Minic, Miroslav"]
[Black "Draskovic, Dragan"]
[Result "0-1"]
[WhiteElo "2058"]
[BlackElo "2124"]
[PlyCount "94"]
[EventDate "2009.09.19"]

1. e4 e6 2. d3 d5 3. Nd2 Nf6 4. Ngf3 c5 5. g3 Nc6 6. c3 Be7 7. Bg2 b6 8. O-O
Ba6 9. c4 dxe4 10. dxe4 Qc7 11. e5 Nd7 12. Re1 Rd8 13. Qa4 Bb7 14. Nf1 O-O 15.
Bf4 Nd4 16. Nxd4 Bxg2 17. Kxg2 cxd4 18. h4 Nc5 19. Qd1 a5 20. b3 Qc6+ 21. Qf3
Qxf3+ 22. Kxf3 Nd3 23. Red1 Nxf4 24. Kxf4 f6 25. f3 fxe5+ 26. Ke4 Bf6 27. a3 d3
28. Ra2 Rd4+ 29. Ke3 g5 30. Rxd3 gxh4 31. gxh4 Bxh4 32. Rg2+ Kh8 33. Nd2 Rfd8
34. Rxd4 exd4+ 35. Kd3 e5 36. Re2 Bg3 37. Ne4 Bf4 38. Nf6 Rd6 39. Nd5 Bg3 40.
Rg2 Rg6 41. b4 axb4 42. axb4 h5 43. Nxb6 h4 44. c5 h3 45. Rg1 h2 46. Rh1 Bf4
47. c6 Rxc6 0-1

[Event "Prva liga Centalne Srbije 2009"]
[Site "Vrnjacka Banja"]
[Date "2009.09.22"]
[Round "5.3"]
[White "Misojcic, Miroslav"]
[Black "Marinkovic, Slavisa"]
[Result "1/2-1/2"]
[WhiteElo "2232"]
[BlackElo "2397"]
[PlyCount "33"]
[EventDate "2009.09.19"]

1. d4 Nf6 2. c4 g6 3. g3 c6 4. Bg2 d5 5. cxd5 cxd5 6. Nf3 Bg7 7. Nc3 O-O 8. Ne5
e6 9. Be3 Nfd7 10. f4 Nc6 11. Bf2 Nb6 12. e4 Ne7 13. O-O Bd7 14. Qb3 Bc6 15.
Rfd1 dxe4 16. Nxc6 bxc6 17. Nxe4 1/2-1/2

[Event "Prva liga Centalne Srbije 2009"]
[Site "Vrnjacka Banja"]
[Date "2009.09.22"]
[Round "5.3"]
[White "Certic, Branimir"]
[Black "Pantelic, Sasa"]
[Result "1/2-1/2"]
[WhiteElo "2413"]
[BlackElo "2320"]
[PlyCount "67"]
[EventDate "2009.09.19"]

1. d4 Nf6 2. c4 g6 3. Nc3 Bg7 4. e4 d6 5. Nge2 O-O 6. h3 e5 7. d5 c6 8. Bg5 h6
9. Be3 cxd5 10. cxd5 Qa5 11. Qd2 b5 12. b4 Qxb4 13. Rb1 Qa5 14. Rxb5 Qc7 15.
Ng3 h5 16. Bd3 Nbd7 17. Rb4 Nc5 18. O-O Nxd3 19. Qxd3 a5 20. Rb6 Ba6 21. Rxa6
Rxa6 22. Qxa6 Qxc3 23. Rc1 Qa3 24. Qc4 Rb8 25. Rc3 Qb2 26. f3 Qa1+ 27. Rc1 Rb1
28. Nf1 Rxc1 29. Bxc1 h4 30. Bg5 Nh5 31. Bxh4 Bh6 32. Bf2 Bf4 33. Qe2 Bg3 34.
Be3 1/2-1/2

[Event "Prva liga Centalne Srbije 2009"]
[Site "Vrnjacka Banja"]
[Date "2009.09.22"]
[Round "5.3"]
[White "Lazic, Zeljko"]
[Black "Stamenkovic, Dragan"]
[Result "1/2-1/2"]
[WhiteElo "2181"]
[BlackElo "2391"]
[PlyCount "67"]
[EventDate "2009.09.19"]

1. e4 c5 2. Nf3 d6 3. c3 Nf6 4. Bc4 e6 5. Qe2 Nc6 6. d4 cxd4 7. cxd4 d5 8. exd5
Nxd5 9. O-O Be7 10. Nc3 O-O 11. Rd1 a6 12. Ne5 Nxe5 13. Qxe5 Nxc3 14. bxc3 b5
15. Bb3 Bb7 16. Bf4 Rc8 17. Rd3 Bf6 18. Qe2 Qa5 19. Bd2 Qc7 20. Qg4 Rfd8 21.
Bh6 Kh8 22. Bg5 Bxg5 23. Qxg5 h6 24. Rh3 Kg8 25. Qh5 Qe7 26. Re1 Qg5 27. Qxg5
hxg5 28. Rg3 Bd5 29. h3 Bxb3 30. axb3 b4 31. cxb4 Rxd4 32. Rxg5 Rxb4 33. Ra5
Rc6 34. Rea1 1/2-1/2

[Event "Prva liga Centalne Srbije 2009"]
[Site "Vrnjacka Banja"]
[Date "2009.09.22"]
[Round "5.3"]
[White "Jovanovic, Zoran Z"]
[Black "Micic, Nenad"]
[Result "1-0"]
[WhiteElo "2354"]
[BlackElo "2247"]
[PlyCount "89"]
[EventDate "2009.09.19"]

1. c4 Nf6 2. g3 g6 3. Bg2 Bg7 4. Nc3 O-O 5. d3 d6 6. Bg5 h6 7. Bd2 Nc6 8. e4 e5
9. Nge2 Be6 10. O-O Qd7 11. Nd5 Ne8 12. Bc3 Nd4 13. Bxd4 exd4 14. Ndf4 c6 15.
b4 a5 16. b5 cxb5 17. cxb5 a4 18. Nxe6 Qxe6 19. Nf4 Qd7 20. Nd5 Qxb5 21. Rb1
Qa6 22. Rb6 Qa5 23. Qb1 Ra6 24. Rb5 Qd8 25. Rxb7 Nf6 26. Nb6 Qe8 27. Qb4 Qe5
28. Nc4 Qc5 29. Qxc5 dxc5 30. Rfb1 Ng4 31. Rc7 Ne5 32. Nxe5 Bxe5 33. Rxc5 Bd6
34. Rc4 Be5 35. f4 Bb8 36. Kf1 Ba7 37. Rb7 a3 38. e5 Ra5 39. Ke2 g5 40. Be4
gxf4 41. gxf4 Kg7 42. Rcc7 Bb8 43. Rd7 Rc5 44. Bd5 Rc2+ 45. Kf3 1-0

[Event "Prva liga Centalne Srbije 2009"]
[Site "Vrnjacka Banja"]
[Date "2009.09.22"]
[Round "5.3"]
[White "Misic, Dragan"]
[Black "Kosanovic, Dragan"]
[Result "1/2-1/2"]
[WhiteElo "2300"]
[BlackElo "2314"]
[PlyCount "37"]
[EventDate "2009.09.19"]

1. d4 Nf6 2. Nf3 e6 3. c4 c5 4. Nc3 cxd4 5. Nxd4 a6 6. e3 d6 7. Be2 Be7 8. O-O
O-O 9. b3 Qc7 10. Bb2 Nbd7 11. Rc1 b6 12. Bf3 Bb7 13. Bxb7 Qxb7 14. Qf3 Qxf3
15. Nxf3 Rfc8 16. Rfd1 Rab8 17. Nd4 Ne5 18. h3 Nc6 19. Nce2 1/2-1/2

[Event "Prva liga Centalne Srbije 2009"]
[Site "Vrnjacka Banja"]
[Date "2009.09.22"]
[Round "5.3"]
[White "Katanic-Vujic, Petar"]
[Black "Tomic, Miroslav Lj"]
[Result "1/2-1/2"]
[WhiteElo "2334"]
[BlackElo "2149"]
[PlyCount "55"]
[EventDate "2009.09.19"]

1. Nf3 d5 2. c4 c6 3. d4 Nf6 4. Qc2 e6 5. g3 Bd6 6. Bg2 Nbd7 7. Nbd2 O-O 8. O-O
b6 9. e4 dxe4 10. Ng5 Bb7 11. Ndxe4 Be7 12. Rd1 Qc8 13. Bf4 h6 14. Nf3 Nxe4 15.
Qxe4 Nf6 16. Qe2 Rd8 17. h4 Bd6 18. Ne5 Rb8 19. Bh3 Ra8 20. Rac1 Bc7 21. Rc2
Nd7 22. Rcd2 Nxe5 23. Bxe5 Bxe5 24. dxe5 Rxd2 25. Qxd2 c5 26. Qd6 Qc6 27. Qxc6
Bxc6 28. Bg2 1/2-1/2

[Event "Prva liga Centalne Srbije 2009"]
[Site "Vrnjacka Banja"]
[Date "2009.09.22"]
[Round "5.4"]
[White "Panic, Nenad"]
[Black "Janev, Evgeni"]
[Result "1/2-1/2"]
[WhiteElo "2398"]
[BlackElo "2461"]
[PlyCount "112"]
[EventDate "2009.09.19"]

1. d4 d6 2. e4 Nf6 3. Nc3 e5 4. Nf3 Nbd7 5. Bc4 Be7 6. O-O O-O 7. Re1 c6 8. a4
b6 9. Ba2 a6 10. Bg5 Rb8 11. dxe5 Nxe5 12. Nxe5 dxe5 13. Qf3 Nd7 14. Be3 b5 15.
axb5 axb5 16. Red1 Qc7 17. Ne2 Nf6 18. h3 Be6 19. Bxe6 fxe6 20. Ra7 Rb7 21.
Rxb7 Qxb7 22. Qg3 Qc7 23. Ra1 Qd6 24. Bh6 Rf7 25. Bg5 Bf8 26. Bxf6 Rxf6 27. Qc3
Qc5 28. Qxc5 Bxc5 29. Rf1 Bb6 30. g3 Rf8 31. Nc1 c5 32. Nd3 c4 33. Ne1 b4 34.
c3 Rd8 35. Nf3 bxc3 36. bxc3 Rd3 37. Rb1 Rxf3 38. Rxb6 Kf7 39. Rb7+ Kf8 40.
Rb8+ Ke7 41. Rb7+ Kf6 42. Kg2 Rxc3 43. Rc7 h6 44. h4 g6 45. g4 Rc1 46. f3 Rc3
47. Kg3 Rc2 48. Kh3 c3 49. Kg3 Rc1 50. Kh3 Rh1+ 51. Kg3 Rg1+ 52. Kh2 Rc1 53.
Kh3 Rh1+ 54. Kg3 Rg1+ 55. Kh2 Rc1 56. Kh3 Rh1+ 1/2-1/2

[Event "Prva liga Centalne Srbije 2009"]
[Site "Vrnjacka Banja"]
[Date "2009.09.22"]
[Round "5.4"]
[White "Radovanovic, Dusan"]
[Black "Markovic, Zoran S"]
[Result "1/2-1/2"]
[WhiteElo "2352"]
[BlackElo "2350"]
[PlyCount "23"]
[EventDate "2009.09.19"]

1. d4 d5 2. Nf3 Nf6 3. c4 e6 4. g3 Be7 5. Bg2 O-O 6. O-O dxc4 7. Qc2 a6 8. a4
Bd7 9. Qxc4 Bc6 10. Bg5 Bd5 11. Qd3 c5 12. Nc3 1/2-1/2

[Event "Prva liga Centalne Srbije 2009"]
[Site "Vrnjacka Banja"]
[Date "2009.09.22"]
[Round "5.4"]
[White "Brankovic, Dejan"]
[Black "Zivkovic, Ivan B"]
[Result "1/2-1/2"]
[WhiteElo "2358"]
[BlackElo "2341"]
[PlyCount "35"]
[EventDate "2009.09.19"]

1. e4 c5 2. Nf3 d6 3. d4 cxd4 4. Nxd4 Nf6 5. Nc3 g6 6. Be3 Bg7 7. f3 Nc6 8. Qd2
O-O 9. O-O-O d5 10. Kb1 Nxd4 11. e5 Nf5 12. exf6 Bxf6 13. Nxd5 Qxd5 14. Qxd5
Nxe3 15. Qd2 Nxd1 16. Qxd1 Be6 17. Bd3 Rfd8 18. Qc1 1/2-1/2

[Event "Prva liga Centalne Srbije 2009"]
[Site "Vrnjacka Banja"]
[Date "2009.09.22"]
[Round "5.4"]
[White "Dudukovic, Nikola"]
[Black "Prelevic, Dusko"]
[Result "1/2-1/2"]
[WhiteElo "2210"]
[BlackElo "2321"]
[PlyCount "38"]
[EventDate "2009.09.19"]

1. e4 d5 2. exd5 Qxd5 3. Nc3 Qd6 4. Bc4 Nf6 5. Nge2 a6 6. a4 b6 7. d3 Bb7 8. f3
e6 9. O-O Be7 10. Be3 O-O 11. Bf2 c5 12. Ne4 Qc6 13. N2c3 Nbd7 14. Qe1 Nd5 15.
Bg3 Nxc3 16. Nxc3 Bf6 17. Qe4 Qc8 18. Qe2 Qc6 19. Qe4 Qc8 1/2-1/2

[Event "Prva liga Centalne Srbije 2009"]
[Site "Vrnjacka Banja"]
[Date "2009.09.22"]
[Round "5.4"]
[White "Organdziev, Oliver"]
[Black "Kolarevic, Darko"]
[Result "1/2-1/2"]
[WhiteElo "2297"]
[BlackElo "2179"]
[PlyCount "116"]
[EventDate "2009.09.19"]

1. e4 c6 2. d4 d5 3. e5 Bf5 4. Nf3 e6 5. Be2 c5 6. O-O Nc6 7. c3 Bg4 8. Be3
Nge7 9. dxc5 Bxf3 10. Bxf3 Nxe5 11. Be2 Nf5 12. Bf4 Nc6 13. b4 a6 14. Qa4 Rc8
15. Bd3 Qf6 16. Re1 Be7 17. Be5 Qg5 18. f4 Qg4 19. Qc2 Nh4 20. Qe2 Nxe5 21.
fxe5 Qg5 22. Nd2 O-O 23. Nb3 Bd8 24. Nd4 Bc7 25. g3 Ng6 26. Bxg6 hxg6 27. Kg2
Rce8 28. h4 Qh5 29. Qxh5 gxh5 30. Re2 f6 31. Nf3 fxe5 32. Nxe5 Rf5 33. Rae1
Bxe5 34. Rxe5 Rxe5 35. Rxe5 g6 36. Kf3 Kf7 37. Ke3 Kf6 38. Kd4 b6 39. cxb6 Rb8
40. Re3 Rxb6 41. Rf3+ Ke7 42. Ke5 a5 43. a3 Rc6 44. Rf6 Rxc3 45. Rxe6+ Kf7 46.
Rf6+ Kg7 47. Ra6 axb4 48. axb4 Rxg3 49. Ra7+ Kh6 50. b5 Rb3 51. Rb7 Rb4 52. b6
Rxh4 53. Rb8 Kg5 54. Kxd5 Rb4 55. b7 h4 56. Kc6 Kg4 57. Rg8 Rxb7 58. Kxb7 h3
1/2-1/2

[Event "Prva liga Centalne Srbije 2009"]
[Site "Vrnjacka Banja"]
[Date "2009.09.22"]
[Round "5.4"]
[White "Pilcevic, Ivan"]
[Black "Andrejic, Vladica"]
[Result "1/2-1/2"]
[WhiteElo "2086"]
[BlackElo "2213"]
[PlyCount "77"]
[EventDate "2009.09.19"]

1. Nf3 Nc6 2. d4 d5 3. g3 Nf6 4. Bg2 Bg4 5. Nbd2 e6 6. O-O Be7 7. b3 O-O 8. Bb2
Re8 9. c4 h6 10. h3 Bf5 11. Rc1 Bf8 12. Re1 Bh7 13. a3 a5 14. Ne5 Nxe5 15. dxe5
Nd7 16. Kh2 c6 17. f4 b5 18. cxd5 cxd5 19. e4 Nc5 20. Qe2 dxe4 21. Bxe4 Nxe4
22. Nxe4 Qd5 23. Nd6 Red8 24. Qd1 Bxd6 25. Qxd5 exd5 26. exd6 Rxd6 27. Bd4 Be4
28. Rc5 b4 29. a4 Re6 30. Kg1 Ree8 31. Kf2 Rec8 32. Rec1 Rxc5 33. Rxc5 f6 34.
g4 Bb1 35. Rxd5 Bc2 36. Bb6 Bxb3 37. Rxa5 Rxa5 38. Bxa5 Bxa4 39. Bxb4 1/2-1/2

[Event "Prva liga Centalne Srbije 2009"]
[Site "Vrnjacka Banja"]
[Date "2009.09.22"]
[Round "5.6"]
[White "Blagojevic, Dragisa"]
[Black "Bojkov, Dejan"]
[Result "1/2-1/2"]
[WhiteElo "2546"]
[BlackElo "2528"]
[PlyCount "20"]
[EventDate "2009.09.19"]

1. Nf3 d5 2. g3 c6 3. Bg2 Bg4 4. b3 Nd7 5. Bb2 Ngf6 6. c4 e6 7. O-O Be7 8. d3
O-O 9. Nbd2 a5 10. a3 b5 1/2-1/2

[Event "Prva liga Centalne Srbije 2009"]
[Site "Vrnjacka Banja"]
[Date "2009.09.22"]
[Round "5.6"]
[White "Vratonjic, Slobo"]
[Black "Djokic, Nenad"]
[Result "1/2-1/2"]
[WhiteElo "2409"]
[BlackElo "2349"]
[PlyCount "91"]
[EventDate "2009.09.19"]

1. e4 c5 2. Nf3 Nc6 3. Bb5 e6 4. Bxc6 bxc6 5. d3 Ne7 6. Ng5 Ng6 7. f4 Be7 8.
Nh3 d6 9. O-O f5 10. exf5 exf5 11. Nd2 O-O 12. Nf3 Bf6 13. Rb1 Rb8 14. b3 Re8
15. c4 h6 16. Bd2 Bd7 17. g3 Nf8 18. Qe2 Ne6 19. Rbe1 Nd4 20. Qd1 Nxf3+ 21.
Qxf3 Bd4+ 22. Nf2 Qf6 23. Rxe8+ Rxe8 24. Re1 Kf8 25. Kf1 Rxe1+ 26. Bxe1 Be8 27.
Nd1 a6 28. Bd2 Qf7 29. Ne3 Bxe3 30. Bxe3 Qh5 31. Qxh5 Bxh5 32. Ke1 Kf7 33. Bd2
Ke6 34. Bc3 Kf7 35. Bd2 Bf3 36. Be3 Ke6 37. Kd2 Kd7 38. Kc3 Be2 39. Bc1 g6 40.
Ba3 Bf1 41. d4 cxd4+ 42. Kxd4 Ke6 43. c5 dxc5+ 44. Kxc5 Kd7 45. Bb4 Be2 46. Bc3
1/2-1/2